000 00733 a2200181 4500
003 Nust
005 20170207153214.0
040 _cNust
082 _a621.382
100 _aRehman, Major Abdur (MSEE-6)
245 _aMicrowave transmit receive(Tx/Rx) module of height locked system for RPV in the range of 20-25 meter above the ground level
_cMajor Abdur Rehman
260 _bMCS (NUST)
_c1999
_aRawalpindi
300 _avii,136, p.
505 _aIntroduction (page-1) Unmanned air vehicles (page-5) Ranging techniques (page-17) Theoretical concepts (page-42) Design philosophy (page-64) Methodology (page-70) Description of Major components (page-115)
538 _aAlmirah No. 69 Shelf No. 2
650 _aMSThesis
651 _aMSEE-6
942 _cTHS
999 _c181525
_d181525